000 00910cad a22002055a 4500
001 L154894
008 120130e20120130xxk f 000 0 eng d
035 _a(Sirsi) u154894
041 0 _aeng
100 1 _aDonnell, Richard
245 0 0 _aSlow start to 2012 as supply tightens and demand weakens
_bno increase in house prices for 18 months
_h[electronic resource]
260 _c2011
490 0 _aHometrack Monthly National Housing Survey
_v30 January 2012
520 _aA slow start to 2012 as supply tightens and demand weakens. No change in house prices since December 2011. There has no increase in house prices since June 2010.
590 _aKA
651 4 _aUnited Kingdom
_y
690 _aResidential property
_96266
856 4 0 _uhttps://www.hometrack.co.uk/hpsurvey/documents/RDHTSurveyJan2012_27012012093705_27012012135334.pdf
_zView this item free of charge at www.hometrack.co.uk
942 _n0
999 _c113221
_d113221